000 01331nam a2200325Ia 4500
001 ebr10726595
003 CaPaEBR
006 m o u
007 cr cn|||||||||
008 110901s2012 nyua sb 001 0 eng d
010 _z 2011035655
020 _z9781621004998 (softcover)
020 _z9781621005469
040 _aCaPaEBR
_cCaPaEBR
035 _a(OCoLC)852159175
050 1 4 _aHN49.V64
_bU53 2012eb
082 0 4 _a302/.14
_223
245 0 0 _aUnderstanding the voluntary sector
_h[electronic resource] :
_bcritical success factors : a case study /
_ceditor, Jason L. Powell.
260 _aNew York :
_bNova Science Publishers,
_cc2012.
300 _axiv, 107 p. :
_bill.
490 0 _aSocial perspectives of aging
504 _aIncludes bibliographical references (p. [99]-101) and index.
533 _aElectronic reproduction.
_bPalo Alto, Calif. :
_cebrary,
_d2013.
_nAvailable via World Wide Web.
_nAccess may be limited to ebrary affiliated libraries.
650 0 _aVoluntarism
_vCase studies.
650 0 _aNonprofit organizations
_xManagement
_vCase studies.
655 7 _aElectronic books.
_2local
700 1 _aPowell, Jason L.,
_d1971-
710 2 _aebrary, Inc.
856 4 0 _uhttp://site.ebrary.com/lib/rucke/Doc?id=10726595
_zAn electronic book accessible through the World Wide Web; click to view
999 _c153133
_d153133